[Event "16ème Open de Saint Affrique"]
[Site "Saint Affrique"]
[Date "2008.07.19"]
[Round "1.1"]
[White "Joli, Laurent"]
[Black "Sikula, Vaszilij"]
[Result "0-1"]
[WhiteElo "1911"]
[BlackElo "2540"]
[PlyCount "42"]
[EventDate "2008.??.??"]

1. d4 f5 2. Nf3 Nf6 3. c4 e6 4. a3 d5 5. e3 c6 6. Nc3 Bd6 7. Be2 O-O 8. b3 Nbd7
9. Ng5 Qe7 10. f4 b6 11. Bb2 Bb7 12. h3 c5 13. cxd5 exd5 14. Qd2 Rae8 15. Kf2
cxd4 16. exd4 h6 17. Nf3 Ne4+ 18. Nxe4 fxe4 19. Ne5 Nxe5 20. dxe5 Bxe5 21. g3
e3+ 0-1

[Event "16ème Open de Saint Affrique"]
[Site "Saint Affrique"]
[Date "2008.07.19"]
[Round "1.3"]
[White "Valente, Alexandre"]
[Black "Janev, Evgeni"]
[Result "0-1"]
[WhiteElo "1910"]
[BlackElo "2502"]
[PlyCount "132"]
[EventDate "2008.??.??"]

1. e4 Nf6 2. e5 Nd5 3. c4 Nb6 4. d4 d6 5. f4 dxe5 6. fxe5 Bf5 7. Be3 e6 8. Nf3
Bb4+ 9. Nc3 c5 10. Rc1 Nc6 11. a3 cxd4 12. Bxd4 Nxd4 13. Qxd4 Bxc3+ 14. Qxc3
O-O 15. Be2 Qc7 16. O-O Rfd8 17. Rfd1 Qc5+ 18. Kh1 Rac8 19. b4 Qf2 20. Bf1 Na4
21. Qe1 Qxe1 22. Rxe1 Nb2 23. c5 h6 24. b5 Kf8 25. c6 bxc6 26. Rxc6 Bd3 27.
Rec1 Rb8 28. Bxd3 Nxd3 29. Rb1 Rd5 30. a4 Rb7 31. Rd6 Rxd6 32. exd6 Rb6 33. a5
Rxd6 34. b6 axb6 35. axb6 Rd8 36. Nd4 Nc5 37. Nc6 Rc8 38. Na7 Rb8 39. Nc6 Ra8
40. h3 Nb7 41. Kg1 Ke8 42. Kf2 f6 43. Na7 Rb8 44. Ke2 Nc5 45. Nc6 Rc8 46. Na7
Rd8 47. Nc6 Rd7 48. Na5 Nb7 49. Nc6 Rd6 50. Na7 Kd7 51. Rb4 g5 52. h4 f5 53.
hxg5 hxg5 54. Rb5 Rd4 55. Rb1 Rd6 56. Rb5 g4 57. g3 Rd4 58. Rb1 Re4+ 59. Kf2
Kd6 60. Nc8+ Ke5 61. Rc1 Rb4 62. Rc7 Nd6 63. b7 Nxb7 64. Rc1 Rb2+ 65. Kf1 Ke4
66. Rc3 e5 0-1

[Event "16ème Open de Saint Affrique"]
[Site "Saint Affrique"]
[Date "2008.07.19"]
[Round "1.4"]
[White "Gozzoli, Yannick"]
[Black "Arcusa, Michel"]
[Result "1-0"]
[WhiteElo "2502"]
[BlackElo "1899"]
[PlyCount "75"]
[EventDate "2008.??.??"]

1. d4 Nf6 2. c4 e6 3. Nf3 Bb4+ 4. Nbd2 Ne4 5. a3 Bxd2+ 6. Nxd2 Nxd2 7. Bxd2 O-O
8. e4 d6 9. Bc3 Nd7 10. g3 b6 11. Bg2 Bb7 12. O-O f5 13. d5 e5 14. f4 exf4 15.
Rxf4 fxe4 16. Rxe4 Nf6 17. Qd4 Qd7 18. Re6 Rae8 19. Rf1 Bc8 20. g4 c5 21. dxc6
Qxe6 22. Bd5 Qxd5 23. cxd5 Re4 24. Qd3 Rxg4+ 25. Kh1 Rg6 26. Bxf6 Rgxf6 27.
Rxf6 Rxf6 28. Kg2 g6 29. a4 Kg7 30. b4 Kg8 31. a5 bxa5 32. bxa5 a6 33. Qe3 Kg7
34. Qe7+ Rf7 35. Qxd6 Bf5 36. Qe5+ Kh6 37. d6 Bd3 38. Qe3+ 1-0

[Event "16ème Open de Saint Affrique"]
[Site "Saint Affrique"]
[Date "2008.07.19"]
[Round "1.5"]
[White "Maury, Claude"]
[Black "Riff, Jean-Noel"]
[Result "0-1"]
[WhiteElo "1892"]
[BlackElo "2481"]
[PlyCount "64"]
[EventDate "2008.??.??"]

1. d4 Nf6 2. Bf4 e6 3. e3 b6 4. Nf3 Bb7 5. Nbd2 Be7 6. Bd3 O-O 7. c3 d6 8. Qc2
Nbd7 9. Bg3 Re8 10. O-O-O c5 11. Ne4 Bxe4 12. Bxe4 d5 13. Bd3 c4 14. Be2 b5 15.
Ne5 Qb6 16. Bf3 b4 17. Kd2 Nxe5 18. Bxe5 Nd7 19. Bg3 a5 20. Ke2 a4 21. Ra1 a3
22. bxa3 Rxa3 23. Rhb1 Qa5 24. cxb4 Bxb4 25. Bc7 Qxc7 26. Rxb4 Rea8 27. Kf1
Qxh2 28. Bd1 Qh1+ 29. Ke2 Qxg2 30. Qb2 g6 31. Rb7 Nf6 32. Rb8+ Kg7 0-1

[Event "16ème Open de Saint Affrique"]
[Site "Saint Affrique"]
[Date "2008.07.19"]
[Round "1.7"]
[White "Poulain, Yves"]
[Black "Okhotnik, Vladimir"]
[Result "0-1"]
[WhiteElo "1879"]
[BlackElo "2468"]
[PlyCount "56"]
[EventDate "2008.??.??"]

1. d4 g6 2. Nf3 Bg7 3. c4 c5 4. d5 f5 5. Nc3 Bxc3+ 6. bxc3 Qa5 7. Qc2 d6 8. g3
Nd7 9. Bg2 Nb6 10. Nd2 Qa4 11. Qd3 Bd7 12. O-O Nf6 13. e4 O-O-O 14. f4 fxe4 15.
Bxe4 Nxe4 16. Qxe4 Bf5 17. Qf3 h5 18. Re1 Rde8 19. Ne4 Qxc4 20. Ba3 Qxd5 21.
Rad1 Qc6 22. Qg2 Nc4 23. Bc1 h4 24. g4 h3 25. Qf3 Bd7 26. Qe2 b5 27. Ng5 Rh4
28. Ne6 Kb8 0-1

[Event "16ème Open de Saint Affrique"]
[Site "Saint Affrique"]
[Date "2008.07.19"]
[Round "1.8"]
[White "Karpatchev, Aleksandr"]
[Black "Krier, Daniel"]
[Result "1-0"]
[WhiteElo "2460"]
[BlackElo "1877"]
[PlyCount "43"]
[EventDate "2008.??.??"]

1. e4 c5 2. c3 Nf6 3. e5 Nd5 4. Nf3 Nc6 5. Bc4 e6 6. d4 cxd4 7. cxd4 Nb6 8. Bb3
d6 9. Qe2 dxe5 10. dxe5 Bb4+ 11. Nc3 Nd5 12. Bd2 Nxc3 13. bxc3 Ba5 14. O-O O-O
15. Qe4 Ne7 16. Bg5 Qc7 17. Bc2 Ng6 18. h4 Bd7 19. h5 Bc6 20. Qd3 Rad8 21. Nd4
Qxe5 22. Bxd8 1-0

[Event "16ème Open de Saint Affrique"]
[Site "Saint Affrique"]
[Date "2008.07.19"]
[Round "1.9"]
[White "Coste, Roman"]
[Black "Inkiov, Ventzislav"]
[Result "0-1"]
[WhiteElo "1875"]
[BlackElo "2446"]
[PlyCount "58"]
[EventDate "2008.??.??"]

1. d4 Nf6 2. Bf4 e6 3. e3 c5 4. c3 Nc6 5. Nf3 d5 6. Nbd2 Bd6 7. Bxd6 Qxd6 8.
Bb5 O-O 9. O-O b6 10. a4 Bb7 11. Bxc6 Bxc6 12. Ne5 Nd7 13. Nxc6 Qxc6 14. a5
Rfb8 15. axb6 Rxb6 16. Qc2 cxd4 17. exd4 Qb7 18. Ra2 Rb8 19. b4 Rc8 20. Nb3 e5
21. Nc5 Nxc5 22. bxc5 Re6 23. Rfa1 Rce8 24. Rxa7 {#} 24... exd4 25. Qd2 Qb2 26.
Qd1 dxc3 27. Ra8 c2 28. Rxe8+ Rxe8 29. Qc1 Qc3 0-1

[Event "16ème Open de Saint Affrique"]
[Site "Saint Affrique"]
[Date "2008.07.19"]
[Round "1.10"]
[White "Philippe, Christophe"]
[Black "Gallant, Aurelien"]
[Result "1-0"]
[WhiteElo "2442"]
[BlackElo "1875"]
[PlyCount "51"]
[EventDate "2008.??.??"]

1. e4 c5 2. Nf3 d6 3. d4 cxd4 4. Nxd4 Nf6 5. Nc3 a6 6. Bc4 e6 7. Bb3 Qc7 8. Bg5
Be7 9. Qe2 Bd7 10. O-O-O Nc6 11. f4 Nxd4 12. Rxd4 O-O 13. Rhd1 Rfd8 14. e5 dxe5
15. fxe5 Nd5 16. Bxe7 Nxe7 17. Qd2 Qxe5 18. Rxd7 Re8 19. g3 b5 20. Qf4 Qh5 21.
Ne4 Nd5 22. Bxd5 exd5 23. Nd6 Rad8 24. Rxd8 Rxd8 25. Re1 f6 26. Nf5 1-0

[Event "16ème Open de Saint Affrique"]
[Site "Saint Affrique"]
[Date "2008.07.19"]
[Round "1.20"]
[White "Van Elst, Andreas"]
[Black "Eden, James"]
[Result "0-1"]
[WhiteElo "2336"]
[BlackElo "1810"]
[PlyCount "86"]
[EventDate "2008.??.??"]

1. d4 d5 2. c4 e6 3. Nc3 Nf6 4. Nf3 Be7 5. Bf4 O-O 6. e3 c5 7. dxc5 Bxc5 8. Qc2
Nc6 9. Rd1 Qa5 10. Nd2 Bb4 11. Be2 e5 12. Bg5 d4 13. Bxf6 dxc3 14. bxc3 Bxc3
15. Bh4 Be6 16. O-O Bxd2 17. Rxd2 Rac8 18. f4 b5 19. f5 Nb4 20. Qe4 Bxc4 21.
Qxe5 Rfe8 22. Qg3 Nd5 23. f6 g6 24. Rxd5 Bxd5 25. Qg5 Qb4 26. Bxb5 Red8 27. Be1
Qf8 28. Qh4 Rc2 29. Bf2 Rxa2 30. e4 Be6 31. Be3 Rb8 32. Bc6 Rbb2 33. e5 Re2 34.
Bd4 a5 35. Bf3 Rec2 36. h3 a4 37. Be3 a3 38. Rd1 Rab2 39. Bc1 Rb1 40. Bh6 Qc5+
41. Kh2 Rxd1 42. Bxd1 Qf2 43. Bxc2 Qxh4 0-1

[Event "16ème Open de Saint Affrique"]
[Site "Saint Affrique"]
[Date "2008.07.19"]
[Round "1.58"]
[White "Hoffer, Tristan"]
[Black "Alonso, Audrey"]
[Result "0-1"]
[WhiteElo "2055"]
[BlackElo "1583"]
[PlyCount "130"]
[EventDate "2008.??.??"]

1. e4 e5 2. Nf3 Nc6 3. Bc4 Be7 4. d4 exd4 5. Nxd4 Ne5 6. Bb3 d6 7. O-O Nf6 8.
f4 Ng6 9. Nf5 O-O 10. Nxe7+ Qxe7 11. Re1 Re8 12. Nc3 Bd7 13. Bd2 Bc6 14. f5 Ne5
15. Bg5 Ned7 16. Re3 Qe5 17. Qe2 Nc5 18. Bd5 Nfxe4 19. Nxe4 Qxd5 20. Rd1 Qxf5
21. Rf1 Qg6 22. Nxc5 Qxg5 23. Ne4 Qg6 24. Re1 Rxe4 25. Rxe4 Qxe4 26. Qxe4 Bxe4
27. Rxe4 Kf8 28. Kf2 Re8 29. Rb4 b6 30. Ra4 a5 31. Rh4 h6 32. a4 Re5 33. Rd4
Ke7 34. c4 Ke6 35. b3 d5 36. cxd5+ Rxd5 37. Re4+ Kd7 38. Re3 c6 39. Ke2 Kd6 40.
Rc3 b5 41. axb5 cxb5 42. Rc8 Rc5 43. Rd8+ Kc7 44. Rf8 Re5+ 45. Kd3 Re7 46. Kd4
Kb6 47. Rb8+ Rb7 48. Rf8 a4 49. bxa4 bxa4 50. Kc4 Ra7 51. Rb8+ Kc6 52. Rb2 Ra5
53. Ra2 Rg5 54. Kb4 Kb6 55. Rc2 Rg4+ 56. Ka3 Kb5 57. Rb2+ Ka5 58. Rd2 Rb4 59.
Rd7 Rf4 60. Rd2 Kb5 61. Rb2+ Kc5 62. Rc2+ Kd5 63. Ra2 h5 64. Rb2 f6 65. Ra2 h4
0-1

[Event "16ème Open de Saint Affrique"]
[Site "Saint Affrique"]
[Date "2008.07.19"]
[Round "1.90"]
[White "Boulier, Rene"]
[Black "Aguilera, Ariel"]
[Result "0-1"]
[WhiteElo "1924"]
[BlackElo "1099"]
[PlyCount "102"]
[EventDate "2008.??.??"]

1. e4 e5 2. Nf3 Nc6 3. Bc4 h6 4. c3 Nf6 5. O-O d6 6. Re1 Bg4 7. d4 Qd7 8. a4
Be7 9. a5 a6 10. Qb3 Rb8 11. Bxf7+ Kd8 12. dxe5 dxe5 13. Rd1 Bd6 14. Be3 Nxe4
15. Bd5 Bxf3 16. gxf3 Nf6 17. Qc4 Nxd5 18. Rxd5 Ne7 19. Rd3 Qc6 20. Bc5 Rf8 21.
Rxd6+ cxd6 22. Bb6+ Ke8 23. Nd2 Qxc4 24. Nxc4 d5 25. Nxe5 Nc6 26. Re1 Nxe5 27.
Rxe5+ Kd7 28. Rxd5+ Kc6 29. Rd3 Rf5 30. b4 Kb5 31. Bd4 Rd8 32. Kf1 g5 33. Ke2
Rf7 34. Kd2 Rdf8 35. Re3 Rxf3 36. Re6 Rd8 37. Re5+ Ka4 38. Ke2 Rff8 39. Be3 Kb3
40. Rc5 Rc8 41. Rxc8 Rxc8 42. h4 gxh4 43. Bxh6 Rh8 44. Bg7 Rh7 45. Bf6 h3 46.
Be5 h2 47. Bxh2 Rxh2 48. Ke3 Kxc3 49. f4 Kxb4 50. f5 Kxa5 51. Ke4 Rf2 0-1

[Event "16ème Open de Saint Affrique"]
[Site "Saint Affrique"]
[Date "2008.07.20"]
[Round "2.1"]
[White "Sikula, Vaszilij"]
[Black "Chaplin, Erik"]
[Result "1-0"]
[WhiteElo "2540"]
[BlackElo "2113"]
[PlyCount "51"]
[EventDate "2008.??.??"]

1. e4 e5 2. Nf3 Nc6 3. Bc4 Nf6 4. d3 Bc5 5. c3 d6 6. Bb3 Bb6 7. Nbd2 Ne7 8. Nc4
Ng6 9. O-O c6 10. Nxb6 Qxb6 11. Re1 O-O 12. h3 c5 13. d4 Qc7 14. Qd3 Nh5 15.
Be3 Nhf4 16. Qd2 c4 17. Bc2 Bxh3 18. gxh3 Qc8 19. Bxf4 Nxf4 20. dxe5 dxe5 21.
Nxe5 Nxh3+ 22. Kg2 g5 23. Qd7 Nf4+ 24. Kf3 Qc5 25. Qf5 f6 26. Nd7 1-0

[Event "16ème Open de Saint Affrique"]
[Site "Saint Affrique"]
[Date "2008.07.20"]
[Round "2.2"]
[White "Villegas, Pierre"]
[Black "Degraeve, Jean-Marc"]
[Result "1/2-1/2"]
[WhiteElo "2105"]
[BlackElo "2523"]
[PlyCount "79"]
[EventDate "2008.??.??"]

1. d4 d6 2. c4 e5 3. Nc3 exd4 4. Qxd4 Nc6 5. Qd2 Nf6 6. b3 g6 7. Bb2 Bg7 8. g3
O-O 9. Nh3 a6 10. Bg2 Rb8 11. O-O b5 12. cxb5 axb5 13. Bxc6 Bxh3 14. Rfd1 Rb6
15. Bf3 Be6 16. Nd5 Bxd5 17. Bxd5 b4 18. Rac1 Nxd5 19. Bxg7 Kxg7 20. Qxd5 Qe7
21. e4 Re8 22. Rc6 Rxc6 23. Qxc6 Qxe4 24. Qxc7 Re6 25. Qb6 Qf3 26. Qd4+ f6 27.
Rf1 Qb7 28. Rc1 g5 29. Qc4 Re7 30. Qc6 Qxc6 31. Rxc6 Re1+ 32. Kg2 d5 33. Rd6
Rd1 34. Kf3 Rd2 35. Rb6 Rxa2 36. Rxb4 Rb2 37. Rb7+ Kg6 38. b4 h5 39. Rd7 Rxb4
40. Rxd5 1/2-1/2

[Event "16ème Open de Saint Affrique"]
[Site "Saint Affrique"]
[Date "2008.07.20"]
[Round "2.3"]
[White "Janev, Evgeni"]
[Black "Vanderbeeken, Mikael"]
[Result "1-0"]
[WhiteElo "2502"]
[BlackElo "2104"]
[PlyCount "83"]
[EventDate "2008.??.??"]

1. e4 e6 2. d4 d5 3. Nd2 Nf6 4. e5 Nfd7 5. Bd3 c5 6. c3 Nc6 7. Ne2 cxd4 8. cxd4
f6 9. exf6 Nxf6 10. O-O Bd6 11. Nf3 Qc7 12. a3 O-O 13. Nc3 a6 14. Re1 Ng4 15.
Bxh7+ Kh8 16. Bb1 Bxh2+ 17. Kf1 Qf7 18. Qd3 g6 19. Re2 {#} 19... e5 20. Qxg6 e4
21. Qxf7 Rxf7 22. Nxh2 Nxh2+ 23. Kg1 Nxd4 24. Kxh2 Nxe2 25. Nxe2 Rxf2 26. Ng3
Bg4 27. Be3 Rf7 28. Ba2 Rd7 29. Bd4+ Kh7 30. Rf1 Re8 31. Rf4 Bd1 32. Nf5 Be2
33. Bb3 b5 34. Ne3 Bc4 35. Bd1 Ree7 36. b3 Bd3 37. Bg4 Rf7 38. Bf5+ Kh6 39.
Rh4+ Kg5 40. Rg4+ Kh6 41. Rg6+ Kh5 42. g4+ 1-0

[Event "16ème Open de Saint Affrique"]
[Site "Saint Affrique"]
[Date "2008.07.20"]
[Round "2.4"]
[White "Iwanesko, Alexandre"]
[Black "Gozzoli, Yannick"]
[Result "0-1"]
[WhiteElo "2062"]
[BlackElo "2502"]
[PlyCount "42"]
[EventDate "2008.??.??"]

1. e4 c5 2. Nf3 Nc6 3. d4 cxd4 4. Nxd4 Nf6 5. Nc3 e5 6. Nde2 h6 7. Ng3 d6 8.
Bc4 Bg4 9. f3 Be6 10. Bb3 a6 11. Be3 Na5 12. Bd5 Rc8 13. Qd3 Nc4 14. O-O-O Bxd5
15. exd5 Qa5 16. Kb1 Nxb2 17. Kxb2 Qb4+ 18. Ka1 Qxc3+ 19. Qxc3 Rxc3 20. Bb6
Rxc2 21. Rc1 Rxc1+ 0-1

[Event "16ème Open de Saint Affrique"]
[Site "Saint Affrique"]
[Date "2008.07.20"]
[Round "2.5"]
[White "Riff, Jean-Noel"]
[Black "Galby, Vassili"]
[Result "1-0"]
[WhiteElo "2481"]
[BlackElo "2086"]
[PlyCount "69"]
[EventDate "2008.??.??"]

1. e4 c5 2. Nf3 Nc6 3. Bb5 g6 4. O-O Bg7 5. c3 e5 6. a3 a6 7. Bxc6 dxc6 8. d3
Qe7 9. Be3 Nf6 10. b4 Nd7 11. Nbd2 O-O 12. Nc4 Rd8 13. Qb3 b5 14. Na5 Qd6 15.
Ng5 Rf8 16. Rad1 h6 17. Nf3 Rb8 18. Qa2 cxb4 19. axb4 c5 20. d4 exd4 21. cxd4
c4 22. Qd2 Kh7 23. Bf4 Qb6 24. d5 Ra8 25. e5 g5 26. Be3 Qg6 27. Nc6 Bb7 28. Ne7
Qe4 29. Rfe1 Nxe5 30. Nxe5 Qxe5 31. Bd4 Qf4 32. Qc2+ f5 33. Bxg7 Kxg7 34. Qc3+
Kf7 35. Re6 1-0

[Event "16ème Open de Saint Affrique"]
[Site "Saint Affrique"]
[Date "2008.07.20"]
[Round "2.6"]
[White "Lesot, Jeremy"]
[Black "Libiszewski, Fabien"]
[Result "0-1"]
[WhiteElo "2041"]
[BlackElo "2475"]
[PlyCount "138"]
[EventDate "2008.??.??"]

1. e4 e6 2. d4 d5 3. Nc3 Nf6 4. Bg5 Bb4 5. e5 h6 6. Bd2 Bxc3 7. bxc3 Ne4 8. Qg4
g6 9. Bd3 Nxd2 10. Kxd2 c5 11. h4 c4 12. Bf1 Nd7 13. Rh3 Qe7 14. a4 a5 15. Rf3
Nb6 16. Rf6 Bd7 17. Ne2 Nxa4 18. h5 O-O-O 19. g3 g5 20. Qf3 Be8 21. Bh3 Nb6 22.
Qh1 Nd7 23. Rf3 b6 24. Qb1 Kc7 25. Re3 Nb8 26. f4 Bc6 27. f5 Nd7 28. Qh1 Ra8
29. Bg4 b5 30. Qh3 exf5 31. Bxf5 Nb6 32. g4 Kb7 33. Rf3 Rhf8 34. Rff1 f6 35. e6
Nc8 36. Rfb1 Qd6 37. Qf3 Ne7 38. Rb2 Ra6 39. Qe3 Kc7 40. Qg3 Rb8 41. Rbb1 Be8
42. Qxd6+ Kxd6 43. Ng3 Rba8 44. Re1 b4 45. Reb1 bxc3+ 46. Kxc3 a4 47. Rb7 Bc6
48. Rbb1 Nc8 49. Kd2 Ke7 50. Ra3 Nd6 51. Re3 a3 52. Ra1 a2 53. c3 Rb6 54. Kc1
Ra3 55. Bc2 Be8 56. Kd2 Ba4 57. Bxa4 Rb1 58. Re1 Rxe1 59. Kxe1 Rxa4 60. Nf5+
Kxe6 61. Nxh6 Ra8 62. Kd2 Rh8 63. Nf5 Nxf5 64. gxf5+ Kxf5 65. Rxa2 Rxh5 66. Ra5
Ke4 67. Ra6 Rh2+ 68. Kc1 f5 69. Re6+ Kd3 0-1

[Event "16ème Open de Saint Affrique"]
[Site "Saint Affrique"]
[Date "2008.07.20"]
[Round "2.7"]
[White "Okhotnik, Vladimir"]
[Black "Marco, Clement"]
[Result "1-0"]
[WhiteElo "2468"]
[BlackElo "2064"]
[PlyCount "41"]
[EventDate "2008.??.??"]

1. c4 e6 2. e4 c5 3. Nc3 Nc6 4. Nf3 g6 5. d4 cxd4 6. Nxd4 Bg7 7. Ndb5 Be5 8. f4
Bb8 9. e5 f6 10. Nd6+ Ke7 11. Nce4 Bxd6 12. Qxd6+ Kf7 13. Bd2 Qb6 14. O-O-O Qd4
15. Qxd4 Nxd4 16. exf6 h6 17. Nd6+ Kf8 18. f7 Ne7 19. Bc3 e5 20. fxe5 Ndf5 21.
e6 1-0

[Event "16ème Open de Saint Affrique"]
[Site "Saint Affrique"]
[Date "2008.07.20"]
[Round "2.8"]
[White "Tupet, Guillaume"]
[Black "Karpatchev, Aleksandr"]
[Result "0-1"]
[WhiteElo "2028"]
[BlackElo "2460"]
[PlyCount "61"]
[EventDate "2008.??.??"]

1. d4 d5 2. Nf3 Nf6 3. c4 dxc4 4. e3 a6 5. Bxc4 e6 6. O-O b5 7. Be2 Bb7 8. a4
b4 9. Nbd2 c5 10. Nc4 Qc7 11. Bd2 Nbd7 12. Nfe5 Be7 13. Rc1 O-O 14. Qc2 Rac8
15. Bd3 g6 16. Rfd1 Rfd8 17. Be1 Qb8 18. Qe2 Qa8 19. f3 cxd4 20. exd4 Nd5 21.
Bg3 Qa7 22. Kh1 Nf8 23. Na5 Rxc1 24. Rxc1 Bg5 25. Nac6 {#} 25... Rc8 26. Nxa7
Rxc1+ 27. Be1 f6 28. f4 Nxf4 29. Qd2 Nxd3 30. Nxd3 Bxd2 31. Nxc1 0-1

[Event "16ème Open de Saint Affrique"]
[Site "Saint Affrique"]
[Date "2008.07.20"]
[Round "2.9"]
[White "Inkiov, Ventzislav"]
[Black "Loiseau, Quentin"]
[Result "1-0"]
[WhiteElo "2446"]
[BlackElo "2028"]
[PlyCount "43"]
[EventDate "2008.??.??"]

1. d4 Nf6 2. c4 g6 3. Nc3 Bg7 4. e4 d6 5. f4 c5 6. d5 O-O 7. Nf3 e6 8. Be2 exd5
9. exd5 Re8 10. O-O Bf5 11. Bd3 Bxd3 12. Qxd3 Na6 13. a3 Qd7 14. f5 Ng4 15. Nb5
Nc7 16. h3 Nxb5 17. hxg4 Nd4 18. Ng5 Be5 19. Kh1 Kg7 20. Qh3 Rh8 {#} 21. Qh6+
Kg8 22. f6 1-0

[Event "16ème Open de Saint Affrique"]
[Site "Saint Affrique"]
[Date "2008.07.20"]
[Round "2.10"]
[White "Le Montagner, Yoann"]
[Black "Philippe, Christophe"]
[Result "1/2-1/2"]
[WhiteElo "2014"]
[BlackElo "2442"]
[PlyCount "87"]
[EventDate "2008.??.??"]

1. e4 Nf6 2. e5 Nd5 3. c4 Nb6 4. c5 Nd5 5. Nc3 e6 6. d4 b6 7. Nxd5 exd5 8. Qb3
bxc5 9. Qxd5 c6 10. Qe4 Qb6 11. a3 cxd4 12. Nf3 Ba6 13. Bxa6 Nxa6 14. O-O Nc5
15. Qxd4 Nb3 16. Qxb6 axb6 17. Rb1 Bc5 18. Rd1 O-O 19. Bg5 h6 {#} 20. Bxh6 gxh6
21. Rd3 f6 22. exf6 Bxf2+ 23. Kxf2 Nc5 24. Re3 Rxf6 25. Kg1 Kf8 26. Ne5 Rd8 27.
Ng4 Rf4 28. Rf1 Rxf1+ 29. Kxf1 d5 30. b4 Na4 31. Re6 c5 32. bxc5 bxc5 33. Rxh6
Kg7 34. Ra6 Nc3 35. Rc6 Ne4 36. Ke2 Rb8 37. Ke3 Rb3+ 38. Kf4 Rxa3 39. Ne3 Ra4
40. Nxd5 Nc3+ 41. Ke5 Nxd5 42. Kxd5 Ra2 43. g4 Rxh2 44. Rxc5 1/2-1/2

[Event "16ème Open de Saint Affrique"]
[Site "Saint Affrique"]
[Date "2008.07.20"]
[Round "2.27"]
[White "Benmesbah, Natacha"]
[Black "Lefevre, Margaux"]
[Result "0-1"]
[WhiteElo "2210"]
[BlackElo "1968"]
[PlyCount "102"]
[EventDate "2008.??.??"]

1. e4 c5 2. Nf3 Nc6 3. Bb5 e6 4. O-O Nge7 5. Re1 e5 6. c3 a6 7. Ba4 b5 8. Bb3
c4 9. Bc2 g6 10. b3 cxb3 11. Bxb3 Bg7 12. d3 O-O 13. Ng5 h6 14. Nf3 d5 15. exd5
Nxd5 16. Ba3 Re8 17. d4 Nb6 18. d5 Na5 19. d6 Nxb3 20. axb3 Bb7 21. Ra2 Rc8 22.
Rd2 Nd7 23. Qe2 Qb6 24. c4 b4 25. Bb2 Bxf3 26. Qxf3 e4 27. Qh3 Rcd8 28. Bxg7
Kxg7 29. Qe3 Qxe3 30. Rxe3 Re6 31. Rde2 Nc5 32. f3 Rdxd6 33. fxe4 Rd1+ 34. Re1
Rxe1+ 35. Rxe1 Rxe4 36. Rxe4 Nxe4 37. Kf1 Kf6 38. Ke2 Ke5 39. Kd3 a5 40. Ke3 f5
41. c5 Nxc5 42. Nd2 Kd5 43. g3 a4 44. bxa4 Nxa4 45. Kf4 Nc5 46. h4 Kd4 47. Nf3+
Kc3 48. Ke3 Ne4 49. g4 b3 50. Nd4 b2 51. Nb5+ Kb4 0-1

[Event "16ème Open de Saint Affrique"]
[Site "Saint Affrique"]
[Date "2008.07.20"]
[Round "2.30"]
[White "Roubaud, Alexandre"]
[Black "Muller, Anne"]
[Result "1-0"]
[WhiteElo "1948"]
[BlackElo "2179"]
[PlyCount "125"]
[EventDate "2008.??.??"]

1. e4 c5 2. Nc3 a6 3. g3 b5 4. Bg2 Bb7 5. d3 Nf6 6. f4 e6 7. Nh3 d6 8. O-O Qc7
9. a3 Nc6 10. f5 Be7 11. fxe6 fxe6 12. Nf4 Nd8 13. Bh3 Bc8 14. Nh5 O-O 15. Bg5
Nc6 16. Bxf6 Bxf6 17. Nxf6+ gxf6 18. Rf4 Ne5 19. Qe2 Ng6 20. Rf2 Kg7 21. Raf1
Rb8 22. Nd1 Ne5 23. Ne3 Qf7 24. c3 Qg6 25. d4 cxd4 26. cxd4 Nc6 27. d5 Nd4 28.
Qd3 e5 29. Bf5 Bxf5 30. Nxf5+ Nxf5 31. Rxf5 Rbc8 32. Qe2 Rc4 33. Qf3 Rc2 34. b4
Rc4 35. Rf2 h6 36. Kg2 Rc1 37. h4 h5 38. Rxh5 Rfc8 39. Rf5 R8c3 40. Rxf6 Rxf3
41. Rxg6+ Kxg6 42. Rxf3 Re1 43. Rc3 Rxe4 44. Rc6 Rd4 45. Rxd6+ Kh5 46. Rxa6
Rxd5 47. a4 bxa4 48. Rxa4 Rd2+ 49. Kh3 e4 50. Ra6 Rd3 51. Re6 Rc3 52. b5 Rf3
53. Rxe4 Rb3 54. Re5+ Kg6 55. Rc5 Kh6 56. h5 Rb1 57. Kh4 Rh1+ 58. Kg4 Rb1 59.
Rc6+ Kg7 60. b6 Rb5 61. Kh4 Kh7 62. g4 Rb4 63. h6 1-0

[Event "16ème Open de Saint Affrique"]
[Site "Saint Affrique"]
[Date "2008.07.20"]
[Round "2.31"]
[White "Metzger, Clement"]
[Black "Boulan, Laura"]
[Result "0-1"]
[WhiteElo "2179"]
[BlackElo "1954"]
[PlyCount "60"]
[EventDate "2008.??.??"]

1. e4 d6 2. d4 e5 3. Nf3 exd4 4. Nxd4 Nf6 5. Nc3 Be7 6. Be3 O-O 7. Qf3 Re8 8.
Nf5 Nc6 9. Nxe7+ Qxe7 10. Bg5 Ne5 11. Qg3 Ng6 12. O-O-O Nxe4 13. Nxe4 Qxe4 14.
Bb5 Bf5 15. Qc3 c6 16. Bd3 Qg4 17. h4 Bxd3 18. Qxd3 d5 19. f3 Qb4 20. a3 Qc5
21. Kb1 Ne5 22. Qf5 Nc4 23. h5 Re5 24. Qg4 Re2 25. Bh6 Nxa3+ 26. Ka2 Qc4+ 27.
Kxa3 Qxg4 28. fxg4 gxh6 29. Rhf1 Rae8 30. c4 dxc4 0-1

[Event "16ème Open de Saint Affrique"]
[Site "Saint Affrique"]
[Date "2008.07.20"]
[Round "2.37"]
[White "Rolland, Benjamin"]
[Black "Claisse, Patrick"]
[Result "0-1"]
[WhiteElo "2153"]
[BlackElo "1934"]
[PlyCount "98"]
[EventDate "2008.??.??"]

1. d4 Nf6 2. Nf3 g6 3. Nc3 d5 4. Bf4 c6 5. Qd2 h5 6. Ne5 Nbd7 7. O-O-O Bg7 8.
f3 Nxe5 9. dxe5 Nd7 10. e6 fxe6 11. Qd3 Kf7 12. e4 Qa5 13. Kb1 Nc5 14. Qd2 Bxc3
15. Qxc3 Qxc3 16. bxc3 dxe4 17. Be5 Rf8 18. Bd4 Nd7 19. fxe4 e5 20. Bc4+ Kg7
21. Be3 Nf6 22. Rdf1 Nxe4 23. Rxf8 Kxf8 24. Bh6+ Ke8 25. Kb2 Bf5 26. Rd1 Nd6
27. Be2 Rd8 28. Rf1 Be6 29. Re1 Bc4 30. Bf3 Nf7 31. Be3 a6 32. Be4 Rd6 33. Bc5
Rf6 34. Bf3 Bd5 35. Bxd5 cxd5 36. Rd1 e6 37. Kb3 Rf4 38. Re1 Kd7 39. Re2 Kc6
40. Bf8 e4 41. Bg7 Nd6 42. Be5 Rf1 43. Bxd6 Kxd6 44. c4 Ke5 45. c3 Kf4 46. Kc2
e3 47. cxd5 exd5 48. Kd3 Rd1+ 49. Kc2 Rd2+ 0-1

[Event "16ème Open de Saint Affrique"]
[Site "Saint Affrique"]
[Date "2008.07.20"]
[Round "2.42"]
[White "Alonso, Audrey"]
[Black "Sibirko, Ivan"]
[Result "1-0"]
[WhiteElo "1583"]
[BlackElo "2124"]
[PlyCount "77"]
[EventDate "2008.??.??"]

1. e4 e6 2. d4 d5 3. exd5 exd5 4. Bd3 Nc6 5. c3 Bd6 6. Ne2 Qh4 7. Nd2 Bg4 8.
Nb3 Nge7 9. Qc2 O-O-O 10. Be3 f5 11. h3 Rhf8 12. Nf4 Bxf4 13. Bxf4 Ng6 14. g3
Rde8+ 15. Kd2 Qf6 16. hxg4 Nxf4 17. gxf4 fxg4 18. Raf1 Qxf4+ 19. Kd1 h6 20. Qd2
Qd6 21. Re1 Ne7 22. Nc5 b6 23. Re6 Qf4 24. Qxf4 Rxf4 25. Bg6 Ref8 26. Nd3 Nxg6
27. Rxg6 Rf3 28. Kd2 Rh3 29. Rxh3 gxh3 30. Rg3 c5 31. Ke2 h2 32. Rh3 Re8+ 33.
Ne5 cxd4 34. cxd4 Kc7 35. Rxh2 Kd6 36. Kd3 Ke6 37. Rg2 g5 38. Rh2 Rh8 39. Ng6
1-0

[Event "16ème Open de Saint Affrique"]
[Site "Saint Affrique"]
[Date "2008.07.20"]
[Round "2.66"]
[White "Duff, Rufus"]
[Black "Schegerin, Andre"]
[Result "1-0"]
[WhiteElo "1533"]
[BlackElo "1860"]
[PlyCount "151"]
[EventDate "2008.??.??"]

1. e4 c6 2. d4 d5 3. e5 Bf5 4. Nf3 e6 5. Bd3 Bg4 6. Nbd2 c5 7. c3 Nc6 8. Qa4 c4
9. Be2 a6 10. O-O b5 11. Qd1 g6 12. Re1 b4 13. Nf1 Qa5 14. Bd2 h5 15. Ng5 Bxe2
16. Qxe2 Be7 17. Qf3 Nh6 18. Nh3 Nf5 19. Ng3 Kd7 20. Nxf5 gxf5 21. Bg5 Qd8 22.
Bxe7 Qxe7 23. Nf4 Rh6 24. Nxh5 Qh4 25. Nf6+ Kc7 26. Qg3 Rah8 27. h3 Rg6 28.
Qxh4 Rxh4 29. Kh2 Rh8 30. Re3 a5 31. Rg3 Ne7 32. Re1 Kc6 33. Rb1 Kb5 34. Rxg6
Nxg6 35. g3 Kc6 36. h4 Nf8 37. Kh3 Nd7 38. Nxd7 Kxd7 39. Kg2 Ke7 40. Kf3 Rb8
41. cxb4 Rxb4 42. h5 Kf8 43. Kf4 Kg7 44. Kg5 a4 45. a3 Rb7 46. h6+ Kh7 47. Kf6
c3 48. Rc1 cxb2 49. Rb1 Kg8 50. f3 Kh7 51. g4 fxg4 52. fxg4 Kg8 53. Kg5 Rb3 54.
Kf6 Rf3+ 55. Ke7 Rf2 56. g5 Kh7 57. Kf8 Kg6 58. Ke7 Kh7 59. Kf8 Kh8 60. Ke7 Kg8
61. Rh1 Kh7 62. Kf8 Rf3 63. Rb1 Rf2 64. Rh1 Rf3 65. Ke7 Rf2 66. Rb1 Kg8 67. g6
fxg6 68. Kxe6 g5 69. Kxd5 g4 70. e6 Kf8 71. h7 Rh2 72. Rxb2 Rxh7 73. Rb8+ Kg7
74. Rb7+ Kg6 75. Rxh7 Kxh7 76. e7 1-0